1827 1093 1414 1091 1368 1269 1424 1076 1057 1565 1480 1741 1272 1071 1571 1363 1131 1158 1711 1145 1175 1352 1422 1012 1912 1637 1583 1708 1870 1451 1065 1838 1269 1742 1245 1059 1301 1020 1841 1202 1610 1144 1217 1048 1631 1527 1312 1893 1360 1562 1522 1026 1033 1547 1079 1627 1589 1883 1623 1894 1430 1950 1784 1324 1477 1749 1508 1824 1822 1416 1120 1590 1815 1516 1402 1690 1829 1574 1482 1757 1784 1959 1281 1834 1153 1003 1294 1984 1064 1545 1909 1299 1875 1350 1772 1315 1613 1848 1057 BCNSPRNW ULIB Ver.6.0+V

เปลี่ยนเป็นภาษาไทย

Change to English
 แสดงรายละเอียดบรรณานุกรม
  กลับหน้าหลัก

Brief Record : Get Marc (ISO 2709) : E-mail record : QR code < ปิดหน้าต่าง
LEADER : 00000nam 2200000uu 4500
001    13399112323
003     ULIB
008    110627s2554||||th 000 0 tha d
020    9789747040104
090    นว.^bณ429ส 2554
100 0  ณารา
245 00 ส้มหวานน้ำตาลเปรี้ยว/^cณารา
250    พิมพ์ครั้งที่ 3
260    กรุงเทพฯ :^bพิมพ์คำ,^c2554
300    264 หน้า
710 1  พิมพ์คำ
945    ^p170^l0^i030392
995    ทศพร
999 ^a ใช้งานได้ทุกระบบ
รายการนี้ยังไม่มีแท็ก
คุณยังไม่ได้ล็อกอิน คุณสามารถมีกิจกรรมร่วมกับเว็บไซต์ได้ แต่ต้องล็อกอินก่อน ::
  ล็อกอิน

รายการสื่อสารสนเทศ

ลำดับที่ ประเภท เลขเรียก/บาร์โค้ด สถานที่ สถานะ
- ไม่พบข้อมูล -

รายการใกล้เคียง
    ผู้แต่ง [ณารา]

BibComment


ยังไม่เคยถูกคอมเมนท์

คอมเมนท์ทรัพยากรรายการนี้
  คอมเมนท์: ส้มหวานน้ำตาลเปรี..


 Copyright 2026. Bcnsprnw @Library